| 000 | 00739nam a22002177a 4500 | ||
|---|---|---|---|
| 003 | OSt | ||
| 005 | 20250901030107.0 | ||
| 008 | 250901b |||||||| |||| 00| 0 eng d | ||
| 020 | _a978-621-409-161-4 | ||
| 040 |
_aDWC-Main Lib _cOC |
||
| 082 | _aFil. 302.224 D331p 2019 | ||
| 100 | _aDela Cruz, Rommel B. | ||
| 245 |
_aPurposive communication in global english/ _cRommel B. Dela Cruz |
||
| 260 |
_aMandaluyong City, Philippines : _bBooks Atbp. Publishing Corp. , _cc2019. |
||
| 300 |
_axvi, 246 pages : _billustrations ; _c23cm. |
||
| 504 | _aIncludes appendix. | ||
| 650 | _a1. Communication process. | ||
| 650 | _a2. Language art ( Communication skills). | ||
| 650 | _a3. Oral Communication. | ||
| 942 |
_2ddc _cBK - FIL _kFil. _n0 |
||
| 999 |
_c4417 _d4417 |
||